=LDR 00000nam 2200000 4500 =001 INLIS000000000033021 =005 20140401124808.0 =006 =007 =008 ind =035 ##$$a 0010-061300000033021 =041 ##$$a ind =082 ##$$a 512.943 4 =090 ##$$a 512.943 4, Mad m =100 ##$$a Madyana =245 ##$$a Matriks dan ruang vektor, Madyana A.M =260 ##$$a Yogyakarta $b Universitas Ama Jaya $c 2000 =300 ##$$a ix, 238 hlm. : ilus. ; 23 cm =650 ##$$a Matriks =850 ##$$a NBPNMAT =990 ##$$a 92267/BPAP-NTB/2014